| 000 | 00377nam a2200133Ia 4500 | ||
|---|---|---|---|
| 008 | 210210b2000 xxu||||| |||| 00| 0 eng d | ||
| 082 | _a503 ENCN | ||
| 100 | _aENCYCLOPAEDIA BRITANNICA. | ||
| 245 | _aNinteen eighty five year book of science and the future. | ||
| 260 |
_aChicago _bEncyclopaedia Britannica, _c2000 |
||
| 300 | _a445 | ||
| 690 | _aEncyclopaedia | ||
| 906 | _a037028 | ||
| 999 |
_c87348 _d87348 |
||